000 00536nam a2200217Ia 4500
003 OSt
005 20220924133708.0
006 a|||||r|||| 00| 0
007 ta
008 220923b |||||||| |||| 00| 0 snd d
024 _a268024
037 _cTextual
040 _aARTS
_cARTS
_bsnd
041 _2snd
_asnd
082 _aO1593,3x, G6;H4
100 _aUmedali-Dostali
_9207104
245 0 _aTara-sundri
260 _c1944
942 _hO1593,3x, G6;H4
_cTEXL
_2CC
999 _c434789
_d434789